[Event "2009 Standard Chess Dropout Tournament, Round 2"]
[Site "SchemingMind.com"]
[Date "2009.03.04"]
[Round "2"]
[White "Sebastian Strauchler"]
[Black "Artur"]
[Result "1-0"]
[WhiteCountry "ARG"]
[BlackCountry "POL"]
[WhiteElo "2198"]
[WhiteRD "113"]
[BlackElo "1814"]
[BlackRD "88"]
[GameID "194282"]

1. e4 e5 2. Nf3 Nf6 3. Bc4 Nxe4 4. Nc3 Nxc3 5. dxc3 f6 6. O-O Nc6 7. Nh4 g6 8. f4 Qe7 9. b4 d6 10. f5 Qg7
11. Qf3 g5 12. Qh5+ Kd8 13. Nf3 Bxf5 14. Nxg5 fxg5 15. Bxg5+ Ne7 16. Rxf5 Kd7 17. Rf7 Qg6 18. Qg4+ Ke8 19. Rf2 d5 20. Rf6 Qg7
21. Bxd5 Nxd5 22. Qh5+
1-0

[Event "2009 Standard Chess Dropout Tournament, Round 2"]
[Site "SchemingMind.com"]
[Date "2009.02.28"]
[Round "2"]
[White "KaliYuga"]
[Black "lemmie"]
[Result "1-0"]
[WhiteCountry "IRL"]
[BlackCountry "NED"]
[WhiteElo "1948"]
[WhiteRD "80"]
[BlackElo "1762"]
[BlackRD "51"]
[GameID "194284"]

1. d4 d5 2. c4 dxc4 3. e4 e5 4. Nf3 exd4 5. Bxc4 c5 6. Ne5 Be6 7. Bxe6 fxe6 8. Qh5+ g6 9. Nxg6 Nf6 10. Qh3 hxg6
11. Qxh8 Nxe4 12. Qe5 Qa5+ 13. Nd2 Nxd2 14. Qxe6+ Be7 15. Bxd2 Qb6 16. Qc8+ Kf7 17. O-O-O Qd8 18. Qxb7 Nd7 19. Rhe1 a5 20. Rxe7+
1-0

[Event "2009 Standard Chess Dropout Tournament, Round 2"]
[Site "SchemingMind.com"]
[Date "2009.03.04"]
[Round "2"]
[White "Kobiahshi"]
[Black "paradox"]
[Result "0-1"]
[WhiteCountry "USA"]
[BlackCountry "GER"]
[WhiteElo "1616"]
[WhiteRD "67"]
[BlackElo "1881"]
[BlackRD "120"]
[GameID "194285"]

1. d4 Nf6 2. c4 g6 3. Nc3 Bg7 4. e4 d6 5. f4 O-O 6. Nf3 c5 7. dxc5 Qa5 8. Bd3 Qxc5 9. Qe2 Bg4 10. Be3 Qa5
11. O-O Nc6 12. Rac1 Nd7 13. Qf2 Bxf3 14. Qxf3 Bxc3 15. bxc3 Qxa2 16. Rf2 Qa5 17. Qh3 Nc5 18. Bxc5 Qxc5 19. Qg3 Na5 20. Kh1 Nxc4
21. f5 Ne5 22. Be2 a5 23. f6 exf6 24. Rxf6 a4 25. Ra1 a3 26. Rff1 Rfc8 27. c4 Nxc4 28. Rfc1 Qd4 29. Bf3 Ne3 30. Bd1 Rxc1
31. Rxc1 a2
0-1

[Event "2009 Standard Chess Dropout Tournament, Round 2"]
[Site "SchemingMind.com"]
[Date "2009.03.04"]
[Round "2"]
[White "kynoceros"]
[Black "desmondw"]
[Result "0-1"]
[WhiteCountry "USA"]
[BlackCountry "IRL"]
[WhiteElo "1651"]
[WhiteRD "121"]
[BlackElo "1805"]
[BlackRD "81"]
[GameID "194286"]

1. e4 e5 2. Nf3 Nc6 3. Nc3 Nf6 4. Bb5 Bb4 5. a3 Bxc3 6. bxc3 Nxe4 7. d3 Nxc3 8. Qd2 Nxb5 9. a4 Nbd4 10. Nxd4 Nxd4
11. Bb2 d6 12. O-O Nf3+ 13. gxf3 Qf6 14. f4 Bh3 15. Kh1 Bxf1 16. Rxf1 O-O 17. fxe5 dxe5 18. Re1 Qf3+ 19. Kg1 f6 20. Re3 Qg4+
21. Rg3 Qxa4 22. c4 Qd7 23. Ba3 Rf7 24. f4 Qd4+ 25. Kg2 exf4 26. Rf3 Rd7 27. Qxf4 Qxf4 28. Rxf4 Rxd3 29. Bc1 a5 30. h4 a4
31. Re4 a3
0-1

[Event "2009 Standard Chess Dropout Tournament, Round 2"]
[Site "SchemingMind.com"]
[Date "2009.02.27"]
[Round "2"]
[White "John Elburg"]
[Black "Ollowain"]
[Result "1-0"]
[WhiteCountry "NED"]
[BlackCountry "GER"]
[WhiteElo "2365"]
[WhiteRD "111"]
[BlackElo "2092"]
[BlackRD "86"]
[GameID "194287"]

1. e4 e5 2. Nf3 Nc6 3. Bb5 a6 4. Ba4 Nf6 5. O-O Be7 6. Re1 b5 7. Bb3 O-O 8. c3 d5 9. exd5 Nxd5 10. Nxe5 Nxe5
11. Rxe5 c6 12. d3 Bd6 13. Re1 Bf5 14. Qf3 Re8 15. Rxe8+ Qxe8 16. Nd2 Qe6 17. h3 Re8 18. Ne4 Bxe4 19. dxe4 Qxe4 20. Qxe4 Rxe4
21. Kf1 Kf8 22. a4 b4 23. Bc2 Rh4 24. Bg5 Rc4 25. Bb3 Re4 26. Bd2 bxc3 27. bxc3 Bf4 28. Be1 Be5 29. Rc1 Bf6 30. a5 Nf4
31. Rb1 Bd8 32. Bd2 Ne6 33. Bxe6 Rxe6 34. Rb8 Ke7 35. c4 Re4 36. Ra8 Rxc4 37. Rxa6 c5 38. Bg5+ f6 39. Be3 Bc7 40. g3 Kd7
41. Ra8 Kd6 42. Bf4+ Kc6 43. Rc8 Rxf4 44. gxf4 Kd7 45. Rg8 Bxa5 46. Rxg7+ Ke6 47. Ke2
1-0

[Event "2009 Standard Chess Dropout Tournament, Round 2"]
[Site "SchemingMind.com"]
[Date "2009.02.28"]
[Round "2"]
[White "lemmie"]
[Black "John Elburg"]
[Result "0-1"]
[WhiteCountry "NED"]
[BlackCountry "NED"]
[WhiteElo "1762"]
[WhiteRD "51"]
[BlackElo "2352"]
[BlackRD "100"]
[GameID "194289"]

1. e4 e6 2. d4 d5 3. Nc3 Nf6 4. e5 Nfd7 5. f4 c5 6. dxc5 Nc6 7. a3 Bxc5 8. Nf3 a6 9. Bd3 Qc7 10. Bd2 b5
11. b4 Ba7 12. Ne2 f6 13. exf6 Nxf6 14. c3 O-O 15. Ng5 h6 16. Nf3 Ng4 17. g3 Nf2 18. Qc2 Nxh1 19. Bh7+ Kh8 20. Nh4 e5
21. Ng6+ Kxh7 22. Nxf8+ Kg8 23. Ng6 Bg4 24. fxe5 Bf2+ 25. Kd1 Bxe2+ 26. Kxe2 Nd4+
0-1

[Event "2009 Standard Chess Dropout Tournament, Round 2"]
[Site "SchemingMind.com"]
[Date "2009.03.02"]
[Round "2"]
[White "loco61"]
[Black "Malfurion"]
[Result "0-1"]
[WhiteCountry "ENG"]
[BlackCountry "USA"]
[WhiteElo "1581"]
[WhiteRD "67"]
[BlackElo "2300"]
[BlackRD "99"]
[GameID "194290"]

1. e4 c5 2. Nf3 g6 3. Bc4 Bg7 4. c3 e6 5. d4 cxd4 6. Nxd4 Ne7 7. Be3 d5 8. Bd3 e5 9. Nf3 dxe4 10. Bxe4 Qxd1+
11. Kxd1 f5 12. Bc2 Nbc6 13. Nbd2 Be6 14. b4 Nd5 15. Nc4 Nxc3+
0-1

[Event "2009 Standard Chess Dropout Tournament, Round 2"]
[Site "SchemingMind.com"]
[Date "2009.02.28"]
[Round "2"]
[White "Clive Everill"]
[Black "Sebastian Strauchler"]
[Result "0-1"]
[WhiteCountry "CZE"]
[BlackCountry "ARG"]
[WhiteElo "1635"]
[WhiteRD "52"]
[BlackElo "2205"]
[BlackRD "119"]
[GameID "194291"]

1. g3 d5 2. Bg2 e5 3. d3 f5 4. Nf3 Bd6 5. Nc3 Nf6 6. Bg5 Be6 7. Qd2 h6 8. Bxf6 Qxf6 9. e4 c6 10. a3 Nd7
11. exd5 cxd5 12. O-O O-O 13. Nh4 Qf7 14. b4 Nf6 15. Bh1 Rac8 16. Nb5 Bb8 17. Rfe1 e4 18. Nd4 f4 19. Nxe6 Qxe6 20. Bg2 Kh7
21. Rac1 Rce8 22. c4 dxc4 23. dxc4 Qg4 24. f3 Qh5 25. fxe4 fxg3 26. Nf3 gxh2+ 27. Kh1 Nxe4 28. Rxe4 Rxe4 29. Ng5+ hxg5 30. Bxe4+ Kh8
31. Qd3 b6 32. Rd1 Qh4 33. Bg6 g4 34. Rf1 Rxf1+ 35. Qxf1 Qf6 36. Qb1 Qf3#
0-1

[Event "2009 Standard Chess Dropout Tournament, Round 2"]
[Site "SchemingMind.com"]
[Date "2009.03.04"]
[Round "2"]
[White "Malfurion"]
[Black "MARISCAL"]
[Result "1/2-1/2"]
[WhiteCountry "USA"]
[BlackCountry "ESP"]
[WhiteElo "2298"]
[WhiteRD "101"]
[BlackElo "2277"]
[BlackRD "101"]
[GameID "194292"]

1. d4 Nf6 2. c4 g6 3. Nf3 Bg7 4. g3 d5 5. Bg2 O-O 6. cxd5 Nxd5 7. O-O Nb6 8. Nc3 Nc6 9. d5 Na5 10. Bf4 Bxc3
11. bxc3 Qxd5 12. Bxc7 Qc5 13. Bf4 Qh5 14. Ng5 h6 15. Nf3 Nac4 16. Qd4 Bh3 17. Rad1 Rac8 18. Qe4 Bxg2 19. Kxg2 g5 20. Be3 g4
21. Nh4 Nxe3+ 22. fxe3 e6 23. Rd3 Rc6 24. Rf4 f5 25. Qe5 Qf7 26. Qb5=
1/2-1/2

[Event "2009 Standard Chess Dropout Tournament, Round 2"]
[Site "SchemingMind.com"]
[Date "2009.03.02"]
[Round "2"]
[White "marble"]
[Black "echecs"]
[Result "1-0"]
[WhiteCountry "ENG"]
[BlackCountry "ENG"]
[WhiteElo "1977"]
[WhiteRD "57"]
[BlackElo "1815"]
[BlackRD "62"]
[GameID "194293"]

1. e4 e6 2. d3 c5 3. Nf3 d5 4. exd5 exd5 5. Nc3 Nc6 6. d4 c4 7. Be2 Nf6 8. O-O h6 9. Re1 Be6 10. Ne5 Bd6
11. Bf3 O-O 12. Bf4 a6 13. h3 Qc7 14. Rb1 b5 15. a3 Rab8 16. Nxc6 Qxc6 17. Be5 Nd7 18. Qd2 Rbd8 19. Bxd6 Qxd6 20. Re2 Nf6
21. Rbe1 Qd7 22. Re5 Bxh3 23. gxh3 Qxh3 24. Bg2 Qh4 25. R1e3 Ng4 26. Rh3 Qf6 27. Nxd5 Qd6 28. Rf5 g6 29. Nf6+ Kg7 30. Nxg4 gxf5
31. Ne3
1-0

[Event "2009 Standard Chess Dropout Tournament, Round 2"]
[Site "SchemingMind.com"]
[Date "2009.02.28"]
[Round "2"]
[White "Mariazb"]
[Black "baron1"]
[Result "0-1"]
[WhiteCountry "ARG"]
[BlackCountry "ENG"]
[WhiteElo "2252"]
[WhiteRD "85"]
[BlackElo "2342"]
[BlackRD "116"]
[GameID "194294"]

1. d4 Nf6 2. c4 e6 3. Nf3 d5 4. Nc3 Be7 5. Bg5 h6 6. Bh4 O-O 7. e3 b6 8. Be2 Bb7 9. Bxf6 Bxf6 10. cxd5 exd5
11. O-O Qe7 12. Qb3 Rd8 13. Rad1 c5 14. dxc5 Bxc3 15. Qxc3 bxc5 16. Rd2 Nd7 17. Rc1 a5 18. Qa3 Qe4 19. Bb5 d4 20. Bf1 dxe3
21. Qxe3 Qxe3
0-1

[Event "2009 Standard Chess Dropout Tournament, Round 2"]
[Site "SchemingMind.com"]
[Date "2009.03.01"]
[Round "2"]
[White "MARISCAL"]
[Black "markakeen"]
[Result "1-0"]
[WhiteCountry "ESP"]
[BlackCountry "GBR"]
[WhiteElo "2275"]
[WhiteRD "99"]
[BlackElo "1957"]
[BlackRD "112"]
[GameID "194295"]

1. e4 e6 2. d4 d5 3. e5 c5 4. c3 Nc6 5. Nf3 Bd7 6. a3 f6 7. b4 fxe5 8. dxe5 Qc7 9. Bf4 Nge7 10. Bd3 h6
11. c4 cxb4 12. cxd5 Nxd5 13. Bg6+ Kd8 14. Bg3 bxa3 15. O-O Qa5 16. Qb3 Kc7 17. Be4 Rd8 18. Nxa3 Bxa3 19. Rxa3 Qb4 20. Bxd5 exd5
21. e6+ Kc8 22. Rxa7 Bxe6 23. Ra8+ Kd7 24. Ne5+ Ke8 25. Rxd8+
1-0

[Event "2009 Standard Chess Dropout Tournament, Round 2"]
[Site "SchemingMind.com"]
[Date "2009.03.03"]
[Round "2"]
[White "markakeen"]
[Black "Mekk"]
[Result "1/2-1/2"]
[WhiteCountry "GBR"]
[BlackCountry "POL"]
[WhiteElo "1957"]
[WhiteRD "112"]
[BlackElo "1979"]
[BlackRD "89"]
[GameID "194296"]

1. d4 d5 2. c4 c6 3. cxd5 cxd5 4. Nc3 Nf6 5. Nf3 Nc6 6. Bf4 e6 7. e3 Bd6 8. Bxd6 Qxd6 9. Bd3 O-O 10. Rc1 Bd7
11. O-O Rac8 12. a3 a6 13. b4 e5 14. dxe5 Nxe5 15. Nxe5 Qxe5 16. Ne2 Rxc1 17. Qxc1 Rc8 18. Qa1 Qxa1 19. Rxa1 Ne4 20. Rc1 Rxc1+
21. Nxc1 Nc3 22. Ne2 Nb5 23. Bxb5 Bxb5 24. Nc3 Bc4 25. Na4 a5 26. bxa5 Kf8 27. Nc5 Ba6 28. Nxa6 bxa6 29. Kf1 Ke7 30. Ke2 Kd6
31. Kd3 Kc5 32. f4 f5 33. Kc3=
1/2-1/2

[Event "2009 Standard Chess Dropout Tournament, Round 2"]
[Site "SchemingMind.com"]
[Date "2009.03.04"]
[Round "2"]
[White "marks"]
[Black "Arno Aartsen"]
[Result "0-1"]
[WhiteCountry "PHI"]
[BlackCountry "NED"]
[WhiteElo "1739"]
[WhiteRD "87"]
[BlackElo "1741"]
[BlackRD "107"]
[GameID "194297"]

1. e4 e5 2. Nf3 Nc6 3. Bc4 h6 4. Nc3 Nf6 5. O-O d6 6. a3 a6 7. d4 Nxd4 8. Nxd4 exd4 9. Qxd4 c5 10. Qd2 Be6
11. Bxe6 fxe6 12. Qe2 e5 13. Nd5 Be7 14. Nxf6+ Bxf6 15. Qh5+ Ke7 16. Be3 Qe8 17. Qd1 Qg6 18. Qd5 Rab8 19. Rad1 Rhd8 20. f4 exf4
21. Bxf4 Bxb2 22. Bg3 Qe6 23. Rfe1 Bd4+ 24. Kh1 Qf6 25. Rf1 Qe6 26. Rf5 Rf8 27. Rxf8 Qxd5 28. Rxb8 Qxe4 29. Re1 Be3 30. Bf2 Qxc2
31. Bxe3 Kd7 32. Rxb7+ Kc6 33. Rxg7 Qc3 34. Bf2 Qxg7 35. Kg1 Qc3 36. Bg3 Qxa3 37. Kf2 Qb2+ 38. Kf3 Qf6+ 39. Kg4 Qg5+ 40. Kf3 c4
41. Ke4 Qd5+ 42. Kf4 Qd2+ 43. Kf5 c3
0-1

[Event "2009 Standard Chess Dropout Tournament, Round 2"]
[Site "SchemingMind.com"]
[Date "2009.03.04"]
[Round "2"]
[White "Mekk"]
[Black "Apocalypse"]
[Result "0-1"]
[WhiteCountry "POL"]
[BlackCountry "USA"]
[WhiteElo "1979"]
[WhiteRD "89"]
[BlackElo "2535"]
[BlackRD "69"]
[GameID "194299"]

1. e4 e5 2. Nf3 Nc6 3. Bb5 a6 4. Ba4 Nf6 5. O-O Be7 6. Re1 b5 7. Bb3 d6 8. h3 Na5 9. c3 Nxb3 10. axb3 O-O
11. b4 h6 12. d3 c6 13. Be3 Be6 14. Nbd2 a5 15. bxa5 Rxa5 16. Rxa5 Qxa5 17. Qa1 Ra8 18. Qxa5 Rxa5 19. c4 bxc4 20. dxc4 Nd7
21. g4 Ra2 22. Rb1 Kh7 23. b4 Bd8 24. Kf1 g6 25. c5 d5 26. exd5 Bxd5 27. Ke1 f5 28. gxf5 gxf5
0-1

[Event "2009 Standard Chess Dropout Tournament, Round 2"]
[Site "SchemingMind.com"]
[Date "2009.03.02"]
[Round "2"]
[White "Mel-o-rama"]
[Black "palaciorep"]
[Result "1-0"]
[WhiteCountry "USA"]
[BlackCountry "ARG"]
[WhiteElo "1839"]
[WhiteRD "91"]
[BlackElo "1694"]
[BlackRD "94"]
[GameID "194301"]

1. g3 e5 2. Bg2 Nf6 3. c4 c5 4. Nc3 Be7 5. e3 O-O 6. Nge2 d6 7. O-O Be6 8. Bxb7 Nbd7 9. Bxa8 Qxa8 10. d4 Bxc4
11. b3 Bxe2 12. Nxe2 cxd4 13. exd4 h6 14. Be3 Ng4 15. Rc1 Nxe3 16. fxe3 Bg5 17. Rc3 exd4 18. Nxd4 Bxe3+ 19. Rxe3 Nf6 20. Qf3 Qc8
21. Nf5 Qc5 22. Kg2 Nd5 23. Ne7+ Nxe7 24. Rxe7 a5 25. Rxf7 Rxf7 26. Qa8+ Kh7 27. Rxf7 Qc2+ 28. Rf2 Qg6 29. Rf8 Qe6 30. Rh8+ Kg6
31. Qe8+ Qxe8 32. Rxe8 Kf6 33. Ra8 d5 34. Rxa5 Ke5 35. Ra4 d4 36. Kf3 g5 37. Ke2 Ke4 38. h4 gxh4 39. gxh4 h5 40. Ra5 d3+
41. Kd2 Kd4 42. Rxh5
1-0

[Event "2009 Standard Chess Dropout Tournament, Round 2"]
[Site "SchemingMind.com"]
[Date "2009.03.06"]
[Round "2"]
[White "MichaelDV"]
[Black "Girkassa"]
[Result "1-0"]
[WhiteCountry "SWE"]
[BlackCountry "NOR"]
[WhiteElo "2396"]
[WhiteRD "74"]
[BlackElo "2203"]
[BlackRD "101"]
[GameID "194302"]

1. d4 Nf6 2. Nf3 e6 3. c4 b6 4. g3 Ba6 5. Qc2 Bb7 6. Bg2 Bb4+ 7. Bd2 Bxd2+ 8. Nbxd2 c5 9. O-O Nc6 10. Rad1 cxd4
11. Ne4 Nxe4 12. Qxe4 O-O 13. Nxd4 Na5 14. Qd3 Bxg2 15. Kxg2 Rc8 16. b3 d5 17. Qf3 e5 18. Nb5 d4 19. Nxa7 Ra8 20. Nb5 f5
21. Rd2 Qd7 22. Qd5+ Qxd5+ 23. cxd5 Rad8 24. d6 Nb7 25. f4 Nxd6 26. Nxd6 Rxd6 27. fxe5 Rd5 28. Rf4 Rxe5 29. Rfxd4 Rfe8 30. Kf2 Kf7
31. a4 R8e6 32. Rd5 Kf6 33. Rxe5 Kxe5 34. Rd7 Rg6 35. Kf3 Rg4 36. e4 Rxe4 37. Re7+ Kd4 38. Rxg7 Kc3 39. Rxh7 Kxb3 40. Rb7 Rb4
41. h4 Kxa4 42. h5 b5 43. h6 Rb1 44. h7 Rh1 45. Kf4 Rh5 46. Ra7+ Kb3 47. Ke5 b4 48. Kf6 Rh3 49. Kxf5 Kc2 50. Rc7+ Kd2
51. Rb7 Kc3 52. g4 b3 53. g5 b2 54. Rxb2 Kxb2 55. g6 Kc3 56. Kf6
1-0

[Event "2009 Standard Chess Dropout Tournament, Round 2"]
[Site "SchemingMind.com"]
[Date "2009.03.03"]
[Round "2"]
[White "Mijical"]
[Black "Thomas Meehan"]
[Result "0-1"]
[WhiteCountry "CAN"]
[BlackCountry "ENG"]
[WhiteElo "1584"]
[WhiteRD "64"]
[BlackElo "1518"]
[BlackRD "108"]
[GameID "194303"]

1. Nf3 Nf6 2. c4 c5 3. e3 Nc6 4. Nc3 g6 5. b3 Bg7 6. Bb2 O-O 7. d4 cxd4 8. Nxd4 e5 9. Nxc6 bxc6 10. e4 Bb7
11. c5 Qe7 12. b4 Rad8 13. Qa4 a6 14. Bxa6 Ra8 15. O-O Bxa6 16. Rfd1 Be2 17. Qxa8 Rxa8 18. Nxe2 Nxe4 19. Rd3 Nf6 20. a3 Rd8
21. a4 d6 22. cxd6 Rxd6 23. Rxd6 Qxd6 24. Ba3 Qd2 25. Kf1 Qh6 26. Rd1 Bf8 27. Rd8 Kg7 28. a5 Ne4 29. a6 Qh4 30. Ke1 Qxd8
0-1

[Event "2009 Standard Chess Dropout Tournament, Round 2"]
[Site "SchemingMind.com"]
[Date "2009.03.03"]
[Round "2"]
[White "Robert Pallett"]
[Black "occult"]
[Result "1-0"]
[WhiteCountry "ENG"]
[BlackCountry "ROU"]
[WhiteElo "2286"]
[WhiteRD "78"]
[BlackElo "1816"]
[BlackRD "111"]
[GameID "194304"]

1. e4 c5 2. Nf3 d6 3. d4 cxd4 4. Nxd4 Nf6 5. Nc3 g6 6. Be3 Bg7 7. f3 Nc6 8. Qd2 O-O 9. O-O-O Bd7 10. g4 Rc8
11. h4 Ne5 12. Be2 Nc4 13. Bxc4 Rxc4 14. h5 Qa5 15. Nb3 Qa6 16. e5 Nxg4 17. fxg4 Bxg4 18. hxg6 fxg6 19. exd6 Qxd6 20. Qxd6 exd6
21. Rxd6 Be5 22. Rd2 Bxc3 23. bxc3 Rxc3 24. Bxa7 Ra8 25. Bd4 Rc7 26. c3 h5 27. Rg2 Rc6 28. Rxg4
1-0

[Event "2009 Standard Chess Dropout Tournament, Round 2"]
[Site "SchemingMind.com"]
[Date "2009.02.27"]
[Round "2"]
[White "Mitchell-in"]
[Black "Theodoric"]
[Result "0-1"]
[WhiteCountry "ENG"]
[BlackCountry "ENG"]
[WhiteElo "1721"]
[WhiteRD "58"]
[BlackElo "1982"]
[BlackRD "73"]
[GameID "194305"]

1. e4 e6 2. d4 d5 3. Nd2 Nc6 4. Ngf3 Nf6 5. e5 Nd7 6. Nb3 Be7 7. c3 f6 8. Bb5 fxe5 9. Bxc6 bxc6 10. dxe5 O-O
11. O-O Ba6 12. Re1 c5 13. Qc2 Rb8 14. Be3 Rxf3 15. gxf3 Nxe5
0-1

[Event "2009 Standard Chess Dropout Tournament, Round 2"]
[Site "SchemingMind.com"]
[Date "2009.02.28"]
[Round "2"]
[White "montinskij"]
[Black "Apatchenlama"]
[Result "1-0"]
[WhiteCountry "USA"]
[BlackCountry "GER"]
[WhiteElo "2040"]
[WhiteRD "120"]
[BlackElo "1763"]
[BlackRD "104"]
[GameID "194306"]

1. e4 c5 2. Nf3 Nc6 3. d4 cxd4 4. Nxd4 Nf6 5. Nc3 e5 6. Ndb5 d6 7. Bg5 a6 8. Na3 b5 9. Nd5 Be7 10. Bxf6 Bxf6
11. c4 b4 12. Nc2 a5 13. g3 Bg5 14. Bg2 O-O 15. O-O Rb8 16. Qd3 f5 17. Rad1 fxe4 18. Bxe4 h6 19. h4 Bxh4 20. gxh4 Qxh4
21. Nde3 Ne7 22. Ng2 Qg5 23. Qxd6 Bh3 24. Rd3 Nf5 25. Qd5+ Kh8 26. Rxh3
1-0

[Event "2009 Standard Chess Dropout Tournament, Round 2"]
[Site "SchemingMind.com"]
[Date "2009.02.28"]
[Round "2"]
[White "neoliminal"]
[Black "Filanator"]
[Result "1-0"]
[WhiteCountry "CRC"]
[BlackCountry "AUS"]
[WhiteElo "1433"]
[WhiteRD "118"]
[BlackElo "1118"]
[BlackRD "115"]
[GameID "194307"]

1. Nc3 e5 2. Nf3 Nc6 3. d4 Bd6 4. d5 Nb4 5. a3 Nf6 6. axb4 b6 7. e3 Qe7 8. Bc4 O-O 9. h4 Bb7 10. e4 c6
11. Bg5 h6 12. Bxf6 Qxf6 13. dxc6 dxc6 14. b5 cxb5 15. Bxb5 a6 16. Bd7 Qd8 17. Bf5 Rc8 18. O-O Re8 19. Bxc8 Qxc8 20. Qxd6 b5
21. Nd5 Qc6 22. Rxa6 Rc8 23. Ne7+ Kh8 24. Nxc6 Bxa6 25. Ne7 Rxc2 26. Qd8+
1-0

[Event "2009 Standard Chess Dropout Tournament, Round 2"]
[Site "SchemingMind.com"]
[Date "2009.03.01"]
[Round "2"]
[White "Neutrino"]
[Black "Mitchell-in"]
[Result "1/2-1/2"]
[WhiteCountry "EGY"]
[BlackCountry "ENG"]
[WhiteElo "1658"]
[WhiteRD "128"]
[BlackElo "1721"]
[BlackRD "58"]
[GameID "194308"]

1. d4 d5 2. c4 e5 3. dxe5 d4 4. Nf3 Nc6 5. g3 Be6 6. Nbd2 Qd7 7. Bg2 O-O-O 8. O-O Nge7 9. Qa4 Ng6 10. a3 Kb8
11. b4 Ncxe5 12. Qxd7 Rxd7 13. Nxe5 Nxe5 14. c5 d3 15. e3 f6 16. Bb2 Nc4 17. Nxc4 Bxc4 18. Rfd1 h5=
1/2-1/2

[Event "2009 Standard Chess Dropout Tournament, Round 2"]
[Site "SchemingMind.com"]
[Date "2009.03.04"]
[Round "2"]
[White "occult"]
[Black "TRFz"]
[Result "0-1"]
[WhiteCountry "ROU"]
[BlackCountry "GBR"]
[WhiteElo "1811"]
[WhiteRD "114"]
[BlackElo "2266"]
[BlackRD "73"]
[GameID "194309"]

1. e4 c5 2. Nf3 Nc6 3. d4 cxd4 4. Nxd4 g6 5. Nc3 Bg7 6. Be3 Nf6 7. Qd2 O-O 8. f3 d5 9. Nxc6 bxc6 10. Rd1 Rb8
11. b3 Qc7 12. exd5 Nxd5 13. Nxd5 cxd5 14. c4 Rd8 15. Bf4 e5 16. Bg3 Bf8 17. c5 Bxc5 18. Rc1 Qe7
0-1

[Event "2009 Standard Chess Dropout Tournament, Round 2"]
[Site "SchemingMind.com"]
[Date "2009.03.04"]
[Round "2"]
[White "Ollowain"]
[Black "PankracyRozumek"]
[Result "1-0"]
[WhiteCountry "GER"]
[BlackCountry "POL"]
[WhiteElo "2101"]
[WhiteRD "88"]
[BlackElo "1884"]
[BlackRD "83"]
[GameID "194311"]

1. e4 Nf6 2. e5 Nd5 3. d4 d6 4. Nf3 c6 5. Be2 dxe5 6. Nxe5 Bf5 7. O-O Nd7 8. Bd3 Bxd3 9. Nxd3 e6 10. Nd2 Bd6
11. Nc4 Bc7 12. f4 b5 13. Nce5 Nxe5 14. fxe5 O-O 15. Qg4 f6 16. Qxe6+ Kh8 17. Qxc6 a6 18. c3 Nb6 19. exf6 Rxf6 20. Rxf6 gxf6
21. Bf4 Bxf4 22. Nxf4 Rc8 23. Ne6
1-0

[Event "2009 Standard Chess Dropout Tournament, Round 2"]
[Site "SchemingMind.com"]
[Date "2009.02.27"]
[Round "2"]
[White "Thomas Meehan"]
[Black "demiurg"]
[Result "1-0"]
[WhiteCountry "ENG"]
[BlackCountry "HUN"]
[WhiteElo "1642"]
[WhiteRD "107"]
[BlackElo "2069"]
[BlackRD "62"]
[GameID "194312"]

1. c4 c5 2. Nc3 Nc6 3. g3 g6 4. Nf3 Bg7 5. Bg2 e5 6. d3 Nge7 7. O-O O-O 8. b3 e4 9. Nd4 Bxd4 10. Qd2 exd3
11. Qxd3 Nb4 12. Qf3 d5 13. Rb1 Bf5 14. Bh6 Re8 15. Rbc1 Be4 16. Nxe4 dxe4 17. Qxe4 Nf5 18. Qf4 Nxh6 19. Qxh6 Rxe2 20. Rcd1 Qe7
21. Qf4 Re8 22. Kh1 Qe5 23. Qxe5 R8xe5 24. Bf3 Rxa2 25. Bxb7 Rxf2 26. Rxf2 Bxf2 27. Bd5 Bd4 28. Ra1 Nxd5 29. cxd5 Rxd5 30. Rxa7 Kg7
31. Rb7 Bc3 32. h4 Bb4 33. Kg2 Rd3 34. Re7 Rxb3 35. Re4 Rd3 36. Rg4 Rd4 37. Rxd4 cxd4 38. Kf3 Kf6 39. g4 d3 40. Ke3
1-0

[Event "2009 Standard Chess Dropout Tournament, Round 2"]
[Site "SchemingMind.com"]
[Date "2009.02.28"]
[Round "2"]
[White "Orhany24"]
[Black "slotheman"]
[Result "1-0"]
[WhiteCountry "TUR"]
[BlackCountry "USA"]
[WhiteElo "1752"]
[WhiteRD "69"]
[BlackElo "1652"]
[BlackRD "81"]
[GameID "194313"]

1. e4 d6 2. d4 Nf6 3. Bd3 g6 4. c4 Bg7 5. Nc3 O-O 6. Nge2 c5 7. d5 e6 8. O-O exd5 9. exd5 Ng4 10. h3 Ne5
11. Be3 Nbc6 12. a3 Na5 13. f4 Nexc4 14. Bc1 Re8 15. b4 Bxc3 16. Nxc3 Qh4 17. bxa5 Nxa5 18. Bb2 Bd7 19. Ne4 Kf8 20. Bf6 Qh5
21. Qxh5 gxh5 22. Rae1 c4 23. Bc2 Rxe4 24. Rxe4 Bf5 25. Re2 Bxc2 26. Rxc2 Nb3 27. Re1 b5 28. Be7+ Kg7 29. Bxd6 Nd4 30. Be5+ f6
31. Bxd4 a5 32. Re7+ Kg6 33. g4 b4 34. f5+ Kg5 35. Be3+ Kh4 36. Rxc4 b3 37. Rxh7 b2 38. Kg2
1-0

[Event "2009 Standard Chess Dropout Tournament, Round 2"]
[Site "SchemingMind.com"]
[Date "2009.03.04"]
[Round "2"]
[White "PankracyRozumek"]
[Black "pjl1015"]
[Result "0-1"]
[WhiteCountry "POL"]
[BlackCountry "USA"]
[WhiteElo "1884"]
[WhiteRD "83"]
[BlackElo "2398"]
[BlackRD "107"]
[GameID "194315"]

1. d4 d5 2. Nf3 Nf6 3. e3 c5 4. Nbd2 Nc6 5. b3 cxd4 6. exd4 Bf5 7. c3 e6 8. Be2 Bd6 9. Bb2 Nh5 10. O-O Nf4
11. Re1 Qf6 12. Nf1 Be4 13. Ng3 Nxe2+ 14. Rxe2 Bxf3 15. gxf3 O-O-O 16. c4 Bc7 17. Re3 h5 18. Qd3 Ne7 19. Ba3 Ng6 20. cxd5 Nf4
21. Qc4 Nxd5 22. Rd3 Kb8 23. Rb1 Rc8 24. Bc5 Qg6 25. Kf1 h4 26. Ne2 Bxh2 27. Qa4 b6 28. Ba3 Qxd3
0-1

[Event "2009 Standard Chess Dropout Tournament, Round 2"]
[Site "SchemingMind.com"]
[Date "2009.03.04"]
[Round "2"]
[White "paradox"]
[Black "Brian Acebo"]
[Result "1-0"]
[WhiteCountry "GER"]
[BlackCountry "USA"]
[WhiteElo "1921"]
[WhiteRD "116"]
[BlackElo "1615"]
[BlackRD "68"]
[GameID "194316"]

1. Nf3 d5 2. g3 Nf6 3. Bg2 Bg4 4. O-O Nc6 5. d3 e6 6. Nbd2 Bc5 7. h3 Bf5 8. Qe1 O-O 9. e4 dxe4 10. dxe4 Bg6
11. c4 Nb4 12. Qe2 Nd7 13. Nb3 Bb6 14. a3 Na6 15. Rd1 Qe7 16. e5 Nac5 17. Bg5 Qe8 18. Nxc5 Nxc5 19. b4 Nd7 20. c5 Nxc5
21. bxc5 Bxc5 22. Qc4 Bb6 23. a4 a5 24. Nh4 c6 25. Qb3 Bc7 26. Qxb7 Rc8 27. Bxc6
1-0

[Event "2009 Standard Chess Dropout Tournament, Round 2"]
[Site "SchemingMind.com"]
[Date "2009.02.28"]
[Round "2"]
[White "Patjanka"]
[Black "pedrinho"]
[Result "1-0"]
[WhiteCountry "DEN"]
[BlackCountry "GBR"]
[WhiteElo "2185"]
[WhiteRD "79"]
[BlackElo "1650"]
[BlackRD "85"]
[GameID "194317"]

1. d4 Nf6 2. Nf3 g6 3. c4 c5 4. Nc3 Bg7 5. e4 d6 6. Be2 O-O 7. O-O cxd4 8. Nxd4 Nc6 9. Be3 Ne5 10. f3 Nfd7
11. Qd2 Nc5 12. f4 Ng4 13. Bxg4 Bxg4 14. f5 gxf5 15. exf5 e5 16. Ndb5 a6 17. Nxd6 Nd7 18. h3 Bh5 19. g4 Bxg4 20. hxg4 Qh4
21. Qg2 Nf6 22. Nce4 Nxg4 23. f6
1-0